| 000 | 00447pab a2200169 454500 | ||
|---|---|---|---|
| 008 | 180718b2009 xxu||||| |||| 00| 0 eng d | ||
| 100 | _aPandey, Rajnikant | ||
| 245 | _aContemporary issues in social justice (Indian context) | ||
| 260 | _c2009 | ||
| 300 | _ap.853-60. | ||
| 362 | _aJul-Sep | ||
| 650 | _aSocial justice | ||
| 700 | _aUpadhayay, Chandra Mohan | ||
| 773 | _aIndian Journal of Political Science | ||
| 908 | _aN | ||
| 909 | _a85041 | ||
| 999 |
_c85041 _d85041 |
||